=LDR 00000nam 2200000 4500 =001 NUTBA000000000005193 =005 20201019094003 =035 ##$$a 0010-101400000000423 =008 201019################g##########0#ind## =020 ##$$a 978.602.8871.47-1 =040 ##$$a NBPDMAT =082 ##$$a 321.04 =090 ##$$a 321.09 Fer m =100 ##$$a Ferri Firmansyah =245 1#$$a Mejelajah negara maju /$c Ferri Firmansyah =250 ##$$a Cet. 2 =260 ##$$a Jakarta :$b Rama Edukasitama,$c 2011 =300 ##$$a vi, 97 hlm. : $b Ilus. ; $c 25 x 17 cm =500 ##$$a Bibliografi hlm 97 =650 #4$$a Negara Maju =850 ##$$a NBPDMAT =084 ##$$a 321.04 FER m =990 ##$$a 21412327 =990 ##$$a 21412328 =990 ##$$a 21412329 =990 ##$$a 21412330 =990 ##$$a 21412331 =990 ##$$a 21412330 =990 ##$$a 21412327 =990 ##$$a 21412328 =990 ##$$a 21412329 =990 ##$$a 21412331